| 000 | 00683nam a22001933a 4500 | ||
|---|---|---|---|
| 005 | 20230607063626.0 | ||
| 008 | 010625m19741990mx r 000 0 spa d | ||
| 020 | _a9682926963 | ||
| 035 | _aUPN01000108925 | ||
| 049 | _aSEP | ||
| 050 | 4 |
_aF1221 T8 _bH3.38a |
|
| 100 | 1 | _aHarman, Robert Charles | |
| 245 | 1 | 0 |
_aCambios médicos y sociales en una comunidad maya-tzeltal / _cRoberto Charles Harman ; tr. Ma. Elena Hope. |
| 260 |
_aMéxico : _bConsejo Nacional para la Cultura y las Artes : _bInstituto Nacional Indigenista, _c1974 (1990 impr.). |
||
| 300 |
_a232 p. : _bil. |
||
| 440 | 0 |
_aPresencias ; _v27 |
|
| 650 | 7 |
_aTzeltales _xVida social y costumbres _2 _919788 |
|
| 905 | _aLibro | ||
| 999 |
_c82836 _d82836 |
||